Odborný slovník česko-ruský z oblasti ekonomické, politické a právní
Gespeichert in:
| 1. Verfasser: | |
|---|---|
| Weitere Verfasser: | |
| Format: | Buch |
| Sprache: | Tschechisch Russisch |
| Veröffentlicht: |
Praha
Linde Praha
1999
|
| Schlagworte: | |
| Tags: |
Keine Tags, Fügen Sie das erste Tag hinzu!
|
MARC
| LEADER | 00000nam a2200000 4500 | ||
|---|---|---|---|
| 001 | c141595 | ||
| 005 | 20250901110647.6 | ||
| 020 | |a 80-7201-143-X | ||
| 041 | 0 | |a cze | |
| 041 | 0 | |a rus | |
| 044 | |a CZ | ||
| 245 | 1 | 0 | |a Odborný slovník česko-ruský z oblasti ekonomické, politické a právní |c Marie Csiriková, Eva Vysloužilová a kolektivy |
| 264 | 1 | |a Praha |b Linde Praha |c 1999 | |
| 300 | |a 585 s. | ||
| 610 | 2 | 0 | |a jazykoveda |
| 610 | 2 | 0 | |a terminológia |
| 610 | 2 | 0 | |a ekonómia |
| 610 | 2 | 0 | |a politika |
| 610 | 2 | 0 | |a právo |
| 610 | 2 | 0 | |a organizácie medzinárodné |
| 100 | 1 | |a Csiriková, Marie | |
| 700 | 1 | |a Vysloužilová, Eva | |